00493 2200193 4500245005700000020002200057250001100079100001900090700002500109700000900134650001700143005001900160260004100179041001400220084001300234300003200247336000900279338001100288 aArakure - The Wild Ones Vol. 3cFujiwara, KiyohText a978-602-00-1968-0 aCet. 1 aFujiwara, Kiyo aNina Siti Aminingsih aNein aKomik Jepang a20230201080810 aJakartabElex Media Komputindoc2012 aIndonesia a741.5592 a... jil. :bilus. ;c17 cm. atext avolume